| 000 | 01041cam a22001934a 4500 | ||
|---|---|---|---|
| 005 | 20250605164358.0 | ||
| 008 | 250528s ||||||||||||||||||||||||d | ||
| 035 | _a24460 | ||
| 040 |
_aGR-AtMCL _bgre _dGR-AtMCL _eAACR2 |
||
| 245 | 1 | _aΗ Εταιρική Κουλτούρα είναι η Τροφή της Υγιούς Στρατηγικής / Tempo OMD Hellas, Digital Media Agency of the Year | |
| 260 | _c2018 | ||
| 300 | _a58 | ||
| 520 | _aΗ Ψηφιακή Επικοινωνία σε Κρατά σε Διαρκή Εγρήγορση, Η Διαφήμιση ως Δύναμη του Καλού, Μαθαίνοντας τα Μυστικά για Υψηλά 'Σκορ', Το Τοπίο των Digital Media στην Ελλάδα είναι πιο Περίπλοκο απ'όσο φαίνεται, Προς Ένα Μοντέλο Outsourcing για Ανάπτυξη Πωλήσεων. | ||
| 700 | 1 |
_aΚορδελάς Δημήτρης _99464 |
|
| 942 | _cCR | ||
| 710 | 2 |
_aThe Marketing Week _99825 |
|
| 999 |
_c9339 _d9339 |
||